Albert Einstein The Meaning of Relativity (Record no. 530831)

000 -LEADER
fixed length control field 00335nam a2200121Ia 4500
008 - FIXED-LENGTH DATA ELEMENTS--GENERAL INFORMATION
fixed length control field 191014s9999 xx 000 0 und d
082 ## - DEWEY DECIMAL CLASSIFICATION NUMBER
Classification number 530.1
Author Mark EIN
100 ## - MAIN ENTRY--PERSONAL NAME
Personal name W.H.McCREA
9 (RLIN) 20261
245 #0 - TITLE STATEMENT
Title Albert Einstein The Meaning of Relativity
260 ## - PUBLICATION, DISTRIBUTION, ETC.
Name of publisher, distributor, etc. Scince Paperbacks and Methuen & Co Ltd
Date of publication, distribution, etc. 1967
300 ## - PHYSICAL DESCRIPTION
Extent Xiv,161
942 ## - ADDED ENTRY ELEMENTS (KOHA)
Koha item type Book
Holdings
Withdrawn status Lost status Damaged status Not for loan Permanent Location Current Location Date acquired Source of acquisition Cost, normal purchase price Total Checkouts Full call number Barcode Date last seen Price effective from Koha item type
        School of Natural Sciences (SNS) School of Natural Sciences (SNS) 10/15/2019 Donation 0.00   530.1EIN SNS0002608 10/15/2019 10/15/2019 Book
© 2023 Central Library, National University of Sciences and Technology. All Rights Reserved.